| 000 | 01430nam a22002417a 4500 | ||
|---|---|---|---|
| 999 |
_c60614 _d60614 |
||
| 003 | Ge_BSU | ||
| 005 | 20230921165430.0 | ||
| 008 | 230921s2021 ge ||||| |||| 00| 0 geo d | ||
| 020 | _a9789941969591 | ||
| 041 | _ageo | ||
| 080 | _a821.411.21-31 ჰ-92 | ||
| 100 |
_aჰუმაიდანი, იმან _919864 |
||
| 245 |
_aსხვა ცხოვრებანი : _b[რომანი] / _cიმან ჰუმაიდანი; არაბულიდან თარგმნა დარეჯან გარდავაძემ; რედაქტორი ლია რუხაძე ; დიზაინერი გია კაკაბაძე. |
||
| 264 |
_aთბილისი : _bაკადემიური წიგნი, _c2021. |
||
| 300 |
_a204 გვ. ; _b21 სმ. |
||
| 500 | _aწიგნი გამოიცა მწერალთა სახლის მხარდაჭერით | ||
| 653 | _aლიბანური პროზა | ||
| 653 | _aარაბული ლიტერატურა | ||
| 700 |
_aგარდავაძე, დარეჯან _eმთარგმნელი. წინასიტყვაობის ავტორი. _92409 |
||
| 700 |
_aრუხაძე, ლია _eრედაქტორი _919865 |
||
| 700 |
_aკაკაბაძე, გია _eდიზაინერი _919866 |
||
| 942 |
_2udc _cBK |
||